| 000 | 00708nam a2200241Ia 4500 | ||
|---|---|---|---|
| 003 | OSt | ||
| 005 | 20230509145345.0 | ||
| 008 | 210423s2013 xx 000 0 und d | ||
| 020 | _a978-1-118-12102-3 | ||
| 040 | _cAL | ||
| 041 | _aeng | ||
| 082 | _a664 VISA | ||
| 100 |
_aVISAKH ( P M );THOMAS (Sabu);ITURRIAGA (Laura B );RIBOTTA (Pablo Daniel ) _9101218 |
||
| 245 | _aAdvances in Food Science and Technology V1 | ||
| 260 |
_aBeverly _bscrivener publishing _c2013 |
||
| 300 |
_axx,304p _bHB |
||
| 365 |
_b11588.85 _cINR |
||
| 440 | _v1 | ||
| 650 |
_aChemical Engineering _9101219 |
||
| 650 |
_aFood Technology _9101220 |
||
| 906 | _aAdvances ; Food ; Science ; Technology ; V1 | ||
| 942 |
_2ddc _cBK |
||
| 999 |
_c165688 _d165688 |
||